000
00260nam a2200085Ia 4500
245
0
_a
The eight essential business contracts
100
_a
Buys, Reinhardt Northcliff, South Africa, 2007
_9
76671
942
_c
BK
008
210817s9999 xx 000 0 und d
999
_c
259399
_d
259398